Curso completo de taquigrafía abreviada : (Record no. 13100)

MARC details
000 -CABECERA
campo de control de longitud fija 00558nam a2200181 a 4500
005 - FECHA Y HORA DE LA ÚLTIMA TRANSACCIÓN
campo de control 20210219150400.0
008 - ELEMENTOS DE LONGITUD FIJA--INFORMACIÓN GENERAL
campo de control de longitud fija 991125s1905 mad 000 0 spa u
035 ## - NÚMERO DE CONTROL DEL SISTEMA
Número de control de sistema UPN01000013100
049 ## - COLECCIÓN
Colección CE
050 #4 - SIGNATURA TOPOGRÁFICA DE LA BIBLIOTECA DEL CONGRESO
Número de clasificación Z94 B3.83
Número de documento/Ítem M4.4 1905
100 1# - ASIENTO PRINCIPAL--NOMBRE PERSONAL
Nombre de persona Mhartín y Guix, Enrique
245 10 - MENCIÓN DE TÍTULO
Título Curso completo de taquigrafía abreviada :
Resto del título sistema Martí /
Mención de responsabilidad, etc. Enrique Mhartín y Guix.
250 ## - MENCIÓN DE EDICIÓN
Mención de edición 5a. ed. ref. y ampl.
260 ## - PUBLICACIÓN, DISTRIBUCIÓN, ETC.
Lugar de publicación, distribución, etc. Madrid :
Nombre del editor, distribuidor, etc. A. San Martín,
Fecha de publicación, distribución, etc. 1905.
300 ## - DESCRIPCIÓN FÍSICA
Extensión 252 p. :
Otras características físicas il.
650 #4 - ASIENTO SECUNDARIO DE MATERIA - TERMINO TEMATICO
Término de materia o nombre geográfico como elemento de entrada TAQUIGRAFIA -
Subdivisión general ESTUDIO Y ENSEÑANZA
905 ## - TIPO DE MATERIAL
Tipo de material Libro
Holdings
Estado de retiro Estado de pérdida Fuente del sistema de clasificación o colocación Estado dañado No para préstamo Código de colección Localización permanente Ubicación/localización actual Ubicación en estantería Total de préstamos Clasificación Código de barras Fecha visto por última vez Número de copia Tipo de ítem Koha
    Library of Congress Classification   Coleccion Esp. Colección Especial Bib. Gregorio Torres Quintero Bib. Gregorio Torres Quintero Colección Especial   Z94 B3.83 M4.4 1905 125152 31/12/2020 1 Libro